000 00717nam a2200217 i 4500
001 bg
245 0 0 _aConference language learning in Europe :
_bthe challenge of diversity : (final conference of the modern languages Project No. 12), Strasbourg, 22-25 March 1988 : report /
_cCouncil of Europe.
260 _aStrasbourg :
_bCouncil for Cultural Co-operation,
_c1989.
300 _a177, [3] s. ;
_c30 cm.
650 9 _aJęzyki
_xnauczanie
655 _aMateriały konferencyjne
710 2 _aCouncil of Europe.
020 _a9287116962
040 _cBPK
041 0 _aeng
044 _aFRA
080 _a81:005.745(06)
920 _a92-871-1696-2
942 _cKS
008 100831s1989 pl a |000 0 pol
999 _c49653
_d49653
856 _uhttp://koha.tu.koszalin.pl/cgi-bin/koha/opac-detail.pl?biblionumber=49653
_yKatalog online BPK